00468nam a22001337a 4500008004100000020001500041050003700056245009900093260004200192300002200234440004300256700001700299700001800316140905b xxu||||| |||| 00| 0 eng d a0406005575 aKD1715.A52 L44 (1987-1990 vol 9) aLegal decisions affecting bankers, vol 11, 1987-1900. /cedited by T.G. Reeday and P.E. Smart aStevenage,England:bPear Tree,c1991. axxv, 667p.:c24cm pInstitute of Bankers 1987-1990vvol 11 a T.G. Reeday aSmart, P.E.